NCAA D1 Hockey Teams - Statistics

General Stats
  • This quiz has been taken 66 times
  • The average score is 46 of 63
Answer Stats
Picture Answer % Correct
Air Force
98%
Army
92%
Harvard
92%
Massachusetts Amherst
92%
Michigan
92%
Arizona State
90%
Boston College
90%
Connecticut
90%
Holy Cross
90%
Michigan State
90%
Minnesota
90%
Boston University
88%
Denver
88%
Notre Dame
88%
Wisconsin
88%
Yale
88%
North Dakota
86%
Pennsylvania State
86%
Brown
82%
Dartmouth
82%
Maine
82%
Princeton
82%
Long Island
80%
Ohio State
80%
Bowling Green
78%
Colgate
78%
Cornell
78%
Vermont
78%
Massachusetts Lowell
76%
Merrimack
76%
Miami
76%
Quinnipiac
76%
Sacred Heart
76%
Northeastern
73%
Minnesota Duluth
71%
Providence
71%
St Cloud State
71%
Nebraska Omaha
69%
Alaska Anchorage
67%
Ferris State
67%
Lindenwood
67%
Rensselaer Polytechnic
67%
Western Michigan
65%
Mercyhurst
63%
Stonehill
63%
St Thomas
63%
Bentley
61%
Michigan Tech
61%
Robert Morris
61%
Alaska Fairbanks
59%
New Hampshire
59%
Bemidji State
57%
Union
57%
Colorado College
55%
Lake Superior State
51%
Northern Michigan
51%
Rochester Institute of Technology
51%
Canisius
49%
Clarkson
49%
Minnesota Mankato
47%
Augustana
45%
Niagara
45%
St Lawrence
41%
No matching quizzes found
Score Distribution
Percent of People with Each Score
Percentile by Number Answered
Your Score History
You have not taken this quiz